[Event "NOR-chT 1415"]
[Site "Norway"]
[Date "2015.03.07"]
[Round "10"]
[White "Gausel, Einar"]
[Black "Valaker, Ole Johan"]
[Result "1/2-1/2"]
[WhiteElo "2499"]
[BlackElo "2212"]
[PlyCount "95"]
[EventDate "2014.10.31"]
[EventType "team-tourn"]
[EventRounds "11"]
[EventCountry "NOR"]
[SourceTitle "EXT 2016"]
[Source "ChessBase"]
[SourceDate "2015.10.08"]
[SourceVersion "1"]
[SourceVersionDate "2015.10.08"]
[SourceQuality "1"]
[WhiteTeam "Oslo SS"]
[BlackTeam "SK 96"]
[WhiteTeamCountry "NOR"]
[BlackTeamCountry "NOR"]

1. d4 d5 2. c4 dxc4 3. Nf3 Nf6 4. e3 Bg4 5. Bxc4 e6 6. Nc3 Nc6 7. Bb5 Bb4 8. Qa4 Bxf3 9. gxf3 Bxc3+ 10. bxc3 Qd5 11. Ke2 0-0 12. e4 Qd7 13. Rb1 Rfb8 14. Be3 a6 15. Bxc6 Qxc6 16. Qxc6 bxc6 17. Rb3 Rb6 18. Rhb1 Rab8 19. Bf4 Ne8 20. Kd3 Kf8 21. Kc2 R8b7 22. c4 Ke7 23. Bd2 Kd7 24. Ba5 Rxb3 25. axb3 Rb8 26. Bc3 Kc8 27. Ra1 Kb7 28. Ra5 g6 29. Kd3 Nd6 30. Ke3 Ka7 31. Ra3 g5 32. Kd3 Rg8 33. Ra1 Rg6 34. Bd2 f5 35. Rg1 g4 36. exf5 exf5 37. fxg4 fxg4 38. Re1 Rf6 39. Re7 Kb7 40. Ba5 Rf3+ 41. Ke2 Nf5 42. Rxc7+ Kb8 43. Rd7 Rxb3 44. c5 h5 45. Kd2 Rf3 46. Ke1 Rd3 47. Rd8+ Kb7 48. Rd7+ 1/2-1/2

[Event "Prague op-A 14th"]
[Site "Prague"]
[Date "2015.01.15"]
[Round "8"]
[White "Valaker, Ole Johan"]
[Black "Dukaczewski, Piotr"]
[Result "1-0"]
[WhiteElo "2194"]
[BlackElo "2325"]
[PlyCount "85"]
[EventDate "2015.01.09"]
[EventType "swiss"]
[EventRounds "9"]
[EventCountry "CZE"]
[SourceTitle "CBM 164 Extra"]
[Source "ChessBase"]
[SourceDate "2015.03.02"]
[SourceVersion "1"]
[SourceVersionDate "2015.03.02"]
[SourceQuality "1"]

1. d4 d6 2. Nf3 Bg4 3. c4 Bxf3 4. gxf3 Nd7 5. f4 c6 6. Bg2 e6 7. Nc3 Nb6 8. d5 exd5 9. cxd5 c5 10. 0-0 Nh6 11. e4 Be7 12. Qh5 0-0 13. e5 f5 14. Qe2 Re8 15. a4 Rb8 16. Qd3 Bf8 17. h3 g6 18. Re1 Nd7 19. e6 Nb6 20. a5 Nc8 21. Bd2 Bg7 22. Qb5 Re7 23. Na4 Kh8 24. Rac1 a6 25. Qd3 b5 26. axb6 Ra8 27. Ba5 Rb7 28. Red1 Bd4 29. Bc3 Bxc3 30. Qxc3+ Kg8 31. Nxc5 Rxb6 32. Nd7 Rb7 33. Qc6 Rba7 34. Re1 Qe7 35. Qc3 Rb7 36. Nf6+ Kf8 37. Qxc8+ Rxc8 38. Rxc8+ Kg7 39. Ne8+ Kh8 40. Nxd6+ Kg7 41. Nxb7 Qb4 42. Rc7+ Kf6 43. Re3 1-0

[Event "NOR-chT 1314"]
[Site "Norway"]
[Date "2014.01.10"]
[Round "4.1"]
[White "Gabrielsen, Trond"]
[Black "Valaker, Ole Johan"]
[Result "1/2-1/2"]
[WhiteElo "2280"]
[BlackElo "2195"]
[PlyCount "63"]
[EventDate "2013.11.01"]
[EventType "team-tourn"]
[EventRounds "9"]
[EventCountry "NOR"]
[SourceTitle "EXT 2015"]
[Source "ChessBase"]
[SourceDate "2014.11.20"]
[SourceVersion "1"]
[SourceVersionDate "2014.11.20"]
[SourceQuality "1"]
[WhiteTeam "Bergens"]
[BlackTeam "SK 96"]
[WhiteTeamCountry "NOR"]
[BlackTeamCountry "NOR"]

1. e4 Nf6 2. e5 Nd5 3. d4 d6 4. Nf3 dxe5 5. Nxe5 c6 6. Bd3 Nd7 7. Nf3 N7f6 8. 0-0 Bg4 9. a3 e6 10. c4 Nb6 11. Be3 Be7 12. Nbd2 Qc7 13. Qc2 Nbd7 14. Rfe1 0-0 15. Bg5 Bd6 16. Qc3 Bh5 17. b4 a5 18. Rab1 axb4 19. axb4 Bg6 20. Bxg6 hxg6 21. Ne4 b5 22. Nxf6+ gxf6 23. Bh4 bxc4 24. Qxc4 Nb6 25. Qd3 Nd5 26. Bg3 Bxg3 27. hxg3 Qd6 28. b5 Ra3 29. Rxe6 fxe6 30. Qxg6+ Kh8 31. Qh6+ Kg8 32. Qg6+ 1/2-1/2

[Event "NOR-chT 0809"]
[Site "Norway"]
[Date "2008.11.07"]
[Round "4"]
[White "Briseid, Hakon"]
[Black "Valaker, Ole Johan"]
[Result "1/2-1/2"]
[WhiteElo "1897"]
[BlackElo "2179"]
[PlyCount "129"]
[EventDate "2008.11.07"]
[EventType "team-tourn"]
[EventRounds "11"]
[EventCountry "NOR"]
[SourceTitle "EXT 2010"]
[Source "ChessBase"]
[SourceDate "2010.11.25"]
[SourceVersion "1"]
[SourceVersionDate "2010.11.25"]
[SourceQuality "1"]

1. d4 d5 2. c4 dxc4 3. e4 Nc6 4. Be3 Nf6 5. Nc3 e5 6. d5 Ne7 7. Bxc4 a6 8. Nf3 Ng6 9. 0-0 Bd6 10. h3 b5 11. Bd3 0-0 12. Nd2 Qe7 13. Nb3 Bd7 14. a4 b4 15. Nb1 Nf4 16. Bxf4 exf4 17. N1d2 Qe5 18. Nc4 Qg5 19. Kh1 Rfe8 20. Re1 Qh4 21. Kg1 Be5 22. Bf1 g5 23. Nd4 g4 24. Qd2 Qg5 25. Nxe5 Rxe5 26. hxg4 Rxe4 27. Rxe4 Nxe4 28. Qxb4 Qh4 29. Qe1 Re8 30. Nf5 Bxf5 31. gxf5 Nf6 32. Qb4 Ne4 33. Qd4 Nd6 34. g3 Nxf5 35. gxh4 Nxd4 36. Kg2 f3+ 37. Kg3 h5 38. Bxa6 Re4 39. Bd3 Rg4+ 40. Kh3 Ne2 41. Bxe2 fxe2 42. Re1 Rxa4 43. Rxe2 Rb4 44. f3 Kg7 45. Re5 Rxb2 46. Rxh5 f6 47. Kg4 Rd2 48. Rf5 Rd4+ 49. f4 Rd1 50. h5 Rg1+ 51. Kf3 Re1 52. d6 cxd6 53. Rd5 Rh1 54. Kg4 Rg1+ 55. Kf5 Rh1 56. Ke6 Re1+ 57. Kxd6 Re4 58. Rf5 Rd4+ 59. Ke6 Re4+ 60. Kd5 Ra4 61. h6+ Kg6 62. h7 Ra8 63. Ke6 Re8+ 64. Kd7 Rh8 65. Ke6 1/2-1/2

[Event "NOR-chT 0809"]
[Site "Norway"]
[Date "2008.11.07"]
[Round "1"]
[White "Valaker, Ole Johan"]
[Black "Martinsen, Stig K"]
[Result "0-1"]
[WhiteElo "2179"]
[BlackElo "2108"]
[PlyCount "124"]
[EventDate "2008.11.07"]
[EventType "team-tourn"]
[EventRounds "11"]
[EventCountry "NOR"]
[SourceTitle "EXT 2010"]
[Source "ChessBase"]
[SourceDate "2010.11.25"]
[SourceVersion "1"]
[SourceVersionDate "2010.11.25"]
[SourceQuality "1"]

1. d4 d6 2. Nf3 g6 3. c3 Nf6 4. Bg5 Nbd7 5. Nbd2 Bg7 6. e4 0-0 7. Be2 e5 8. dxe5 dxe5 9. Qc2 a6 10. 0-0 Qe8 11. b4 h6 12. Bh4 Nh5 13. Rfe1 Nf4 14. Bf1 b6 15. Nc4 Bb7 16. Nfd2 Qe6 17. Ne3 Nf6 18. Bc4 Qc8 19. f3 b5 20. Bf1 c5 21. Nb3 Ne6 22. Na5 cxb4 23. cxb4 Qxc2 24. Nxc2 Rac8 25. Ne3 Ba8 26. Bg3 Nh5 27. Bf2 Nd4 28. a4 Rfd8 29. axb5 axb5 30. Rab1 Bf8 31. Red1 f5 32. exf5 gxf5 33. Bh4 Re8 34. Kf2 Nf4 35. Bg3 Ng6 36. Bxe5 Nxf3 37. gxf3 Rxe5 38. Bh3 Nh4 39. Rd4 Nxf3 40. Rf4 Ng5 41. Bxf5 Rc3 42. Nf1 Be4 43. Bxe4 Nh3+ 44. Ke2 Nxf4+ 45. Kd2 Ra3 46. Ng3 Bxb4+ 47. Rxb4 Rxa5 48. Bc2 Ne6 49. Nf5 h5 50. Ne7+ Kg7 51. Nc6 Rd5+ 52. Kc1 Ra3 53. Re4 Ng5 54. Re2 Rh3 55. Ne7 Rc5 56. Nf5+ Kf6 57. Ng3 Re5 58. Rf2+ Ke7 59. Bf5 Rh4 60. Rd2 Rc4+ 61. Bc2 Nf3 62. Rf2 Nd4 0-1

[Event "NOR-chT Ishav 0708"]
[Site "Oslo"]
[Date "2007.11.09"]
[Round "1"]
[White "Rzoska, Kamil"]
[Black "Valaker, Ole Johan"]
[Result "1-0"]
[WhiteElo "2172"]
[BlackElo "2088"]
[PlyCount "51"]
[EventDate "2007.11.09"]
[EventType "team-swiss"]
[EventRounds "9"]
[EventCountry "NOR"]
[SourceTitle "EXT 2010"]
[Source "ChessBase"]
[SourceDate "2010.11.25"]
[SourceVersion "1"]
[SourceVersionDate "2010.11.25"]
[SourceQuality "1"]

1. Nf3 d5 2. c4 Nf6 3. cxd5 Nxd5 4. g3 g6 5. Bg2 Bg7 6. d4 0-0 7. 0-0 c6 8. Bg5 h6 9. Bd2 Be6 10. e4 Nb6 11. Bc3 Qd7 12. Nbd2 Na6 13. Ne5 Bxe5 14. dxe5 Nc5 15. f4 Bg4 16. Qe1 Bh3 17. e6 Bxe6 18. f5 gxf5 19. Qe3 Nd3 20. Qxh6 f6 21. Qg6+ Kh8 22. exf5 Bg8 23. Ne4 Bh7 24. Qh6 Qd5 25. Rad1 Rad8 26. Nf2 1-0

[Event "NOR-chT"]
[Site "Moss"]
[Date "2005.05.08"]
[Round "5"]
[White "Valaker, Ole Johan"]
[Black "Diesen, Bruce"]
[Result "1/2-1/2"]
[WhiteElo "2197"]
[BlackElo "2198"]
[PlyCount "126"]
[EventDate "2005.05.04"]
[EventType "team"]
[EventRounds "5"]
[EventCountry "NOR"]
[SourceTitle "EXT 2007"]
[Source "ChessBase"]
[SourceDate "2006.11.23"]
[SourceVersion "1"]
[SourceVersionDate "2006.11.23"]
[SourceQuality "1"]

1. d4 Nf6 2. Nf3 g6 3. Bg5 Bg7 4. Nbd2 d6 5. c3 Nbd7 6. e4 h6 7. Bh4 e5 8. dxe5 dxe5 9. Be2 0-0 10. 0-0 Qe8 11. Re1 Nh5 12. Bc4 Nc5 13. b4 Ne6 14. Qc2 Nef4 15. Nb3 Bg4 16. Nfd2 b6 17. Nf1 Be6 18. Bxe6 fxe6 19. Ne3 g5 20. Bg3 Qg6 21. Rad1 Nf6 22. Nc4 Nh7 23. Rd7 Rf7 24. Rxf7 Qxf7 25. Rd1 h5 26. f3 Ng6 27. h3 Rf8 28. Qd2 Bf6 29. Qd7 Qxd7 30. Rxd7 Rf7 31. Rxf7 Kxf7 32. Nc1 Nhf8 33. Nd3 Nd7 34. Kf1 Ke7 35. Ke2 Nf4+ 36. Bxf4 exf4 37. Kd2 b5 38. Na5 Kd6 39. Nb7+ Kc6 40. Nbc5 Nf8 41. Kc2 e5 42. Kd2 Ng6 43. Ke2 Ne7 44. Nb3 Nc8 45. Na5+ Kd6 46. c4 c6 47. Kd2 Ne7 48. Ke2 Ng6 49. Nb2 Kc7 50. Nb3 Be7 51. c5 Kd7 52. Nd3 Bd8 53. a3 Bc7 54. Kf2 Ke6 55. Ke2 Kf6 56. Kf2 Ke6 57. Ke2 Ne7 58. Kd2 Ng8 59. Ke2 Nf6 60. Nf2 Nh7 61. Kd3 Kf6 62. Ke2 Kg6 63. Nd3 Kf6 1/2-1/2

[Event "Gothenburg op"]
[Site "Gothenburg"]
[Date "2004.06.20"]
[Round "9"]
[White "Valaker, Ole Johan"]
[Black "Edlund, Robin"]
[Result "1-0"]
[WhiteElo "2245"]
[BlackElo "2237"]
[PlyCount "91"]
[EventDate "2004.06.12"]
[EventType "swiss"]
[EventRounds "9"]
[EventCountry "SWE"]
[SourceTitle "EXT 2005"]
[Source "ChessBase"]
[SourceDate "2004.11.15"]
[SourceVersion "1"]
[SourceVersionDate "2004.11.15"]
[SourceQuality "1"]

1. d4 g6 2. Nf3 f5 3. Nc3 Bg7 4. e4 fxe4 5. Nxe4 d5 6. Nc5 b6 7. Nd3 Nf6 8. Nde5 0-0 9. Bd3 c5 10. c3 Ne4 11. Be3 Qd6 12. Qc2 Nc6 13. Bxe4 dxe4 14. Qxe4 Nxe5 15. dxe5 Qb8 16. Qc4+ e6 17. 0-0-0 Re8 18. Rhe1 Bb7 19. Ng5 Qxe5 20. Bf4 Qf5 21. Rxe6 Rxe6 22. Qxe6+ Qxe6 23. Nxe6 Bxg2 24. Nxg7 Kxg7 25. Rd7+ Kf6 26. Rxh7 Bd5 27. b3 Bf7 28. Bg5+ Kxg5 29. Rxf7 Rh8 30. Rxa7 Rxh2 31. Rf7 Kg4 32. Kd2 g5 33. a4 Rh1 34. Rf6 Rf1 35. Ke2 Rc1 36. Kd3 Rd1+ 37. Kc4 Rd2 38. Kb5 Rb2 39. b4 cxb4 40. cxb4 Kh3 41. f3 Kg3 42. Rxb6 Kxf3 43. Rf6+ Ke3 44. Rg6 Kf4 45. a5 g4 46. a6 1-0

[Event "NOR-chTA final"]
[Site "Trondheim"]
[Date "2004.05.22"]
[Round "4.5"]
[White "Moen, Andreas"]
[Black "Valaker, Ole Johan"]
[Result "1-0"]
[WhiteElo "2268"]
[BlackElo "2245"]
[PlyCount "123"]
[EventDate "2004.05.19"]
[EventType "team"]
[EventRounds "5"]
[EventCountry "NOR"]
[SourceTitle "CBM 100 Extra"]
[Source "ChessBase"]
[SourceDate "2004.07.06"]
[SourceVersion "2"]
[SourceVersionDate "2004.07.06"]
[SourceQuality "1"]
[WhiteTeam "03"]
[BlackTeam "06"]
[WhiteTeamCountry "NOR"]
[BlackTeamCountry "NOR"]

1. Nf3 Nc6 2. c4 e5 3. Nc3 f5 4. d3 Nf6 5. g3 Bb4 6. Bd2 d6 7. Bg2 0-0 8. 0-0 Kh8 9. a3 Bxc3 10. Bxc3 Qe8 11. b4 Qh5 12. Qd2 Be6 13. Qg5 Qxg5 14. Nxg5 Bg8 15. b5 Nd8 16. c5 h6 17. Nf3 Nd5 18. Bb2 Be6 19. e4 Ne7 20. Nd2 fxe4 21. Nxe4 d5 22. Nd2 Ng6 23. Rfe1 Nf7 24. f4 Rad8 25. Bxe5 Ngxe5 26. fxe5 Ng5 27. Rf1 Bf5 28. d4 Ne6 29. Nb3 Bc2 30. Rxf8+ Rxf8 31. Bxd5 Bxb3 32. Bxb3 Nxd4 33. Bd5 c6 34. bxc6 bxc6 35. Be4 Nb3 36. Re1 Nxc5 37. Bxc6 Ne6 38. Bd7 Nd4 39. Kg2 Nf5 40. e6 Ne7 41. Rb1 g5 42. Rb7 Kg7 43. Rxa7 Rb8 44. Kf3 Rb2 45. h4 Kf6 46. Ra8 Rb3+ 47. Kg4 Ng6 48. hxg5+ hxg5 49. Ra5 Ne7 50. a4 Rb4+ 51. Kh3 g4+ 52. Kh4 Re4 53. Rc5 Ng6+ 54. Kh5 Ne5 55. Rc1 Ke7 56. Ra1 Nc4 57. Kg5 Rd4 58. Kh4 Nd6 59. a5 Kf6 60. Rf1+ Ke7 61. Rf4 Rd5 62. Ra4 1-0

[Event "NOR-chTA final"]
[Site "Trondheim"]
[Date "2004.05.19"]
[Round "1.5"]
[White "Harestad, Thor Geir"]
[Black "Valaker, Ole Johan"]
[Result "1/2-1/2"]
[WhiteElo "2206"]
[BlackElo "2245"]
[PlyCount "41"]
[EventDate "2004.05.19"]
[EventType "team"]
[EventRounds "5"]
[EventCountry "NOR"]
[SourceTitle "CBM 100 Extra"]
[Source "ChessBase"]
[SourceDate "2004.07.06"]
[SourceVersion "2"]
[SourceVersionDate "2004.07.06"]
[SourceQuality "1"]
[WhiteTeam "08"]
[BlackTeam "06"]
[WhiteTeamCountry "NOR"]
[BlackTeamCountry "NOR"]

1. c4 Nc6 2. Nc3 e5 3. g3 Nf6 4. Bg2 Bb4 5. Nd5 Bd6 6. d3 Nxd5 7. cxd5 Ne7 8. e4 c6 9. dxc6 dxc6 10. Ne2 Bg4 11. 0-0 Bc5 12. h3 Bxe2 13. Qxe2 Qd6 14. Be3 Rd8 15. Rfd1 0-0 16. Rac1 Bxe3 17. fxe3 Qh6 18. Kh2 b6 19. Rc4 Rd6 20. Bf3 Rfd8 21. b4 1/2-1/2

[Event "Gausdal Classics IM 2nd"]
[Site "Gausdal"]
[Date "2003.10.29"]
[Round "11"]
[White "Bromann, Thorbjorn"]
[Black "Valaker, Ole Johan"]
[Result "1-0"]
[WhiteElo "2323"]
[BlackElo "2208"]
[PlyCount "129"]
[EventDate "2003.10.21"]
[EventType "tourn"]
[EventRounds "11"]
[EventCountry "NOR"]
[EventCategory "4"]
[SourceTitle "EXT 2004"]
[Source "ChessBase"]
[SourceDate "2003.11.25"]
[SourceVersion "1"]
[SourceVersionDate "2003.11.25"]
[SourceQuality "1"]

1. e4 c6 2. d4 d5 3. e5 c5 4. dxc5 e6 5. Be3 Ne7 6. c3 Nf5 7. Bd4 Nxd4 8. cxd4 b6 9. b4 a5 10. Qa4+ Bd7 11. Bb5 Bxb5 12. Qxb5+ Qd7 13. Qxb6 Nc6 14. Nf3 axb4 15. 0-0 Be7 16. Qb5 Nxe5 17. Qxb4 Nxf3+ 18. gxf3 0-0 19. Qd2 e5 20. dxe5 Ra6 21. Qd3 Rh6 22. f4 Rg6+ 23. Kh1 Qg4 24. Qg3 Qh5 25. Qd3 Rh6 26. Qg3 Rg6 27. Qd3 Bxc5 28. Nd2 Qg4 29. Rg1 Qxf4 30. Rxg6 hxg6 31. Qxd5 Bd4 32. Rd1 Bxe5 33. Nf3 Bf6 34. Re1 Rd8 35. Qe4 Qd6 36. Kg2 Rb8 37. a4 Qa3 38. Re3 Qa2 39. Re2 Qa1 40. Re1 Qa2 41. Re2 Qa1 42. Qc6 g5 43. Re8+ Rxe8 44. Qxe8+ Kh7 45. Qb5 g6 46. h3 Qa2 47. a5 Qe6 48. Qxg5 Kg7 49. Qb5 g5 50. Nxg5 Bxg5 51. Qxg5+ Kf8 52. Qc5+ Kg8 53. Qg5+ Kf8 54. Qd8+ Kg7 55. Qd4+ Kf8 56. Qb4+ Ke8 57. Qb8+ Ke7 58. Qb7+ Kf8 59. a6 Qg6+ 60. Kh1 Qd3 61. Kg1 Qxh3 62. Qa8+ Ke7 63. Qe4+ Kf6 64. a7 Qa3 65. Qc6+ 1-0

[Event "Gausdal Classics IM 2nd"]
[Site "Gausdal"]
[Date "2003.10.26"]
[Round "8.4"]
[White "Valaker, Ole Johan"]
[Black "Thinius, Marco"]
[Result "1/2-1/2"]
[WhiteElo "2208"]
[BlackElo "2389"]
[PlyCount "154"]
[EventDate "2003.10.21"]
[EventType "tourn"]
[EventRounds "11"]
[EventCountry "NOR"]
[EventCategory "4"]
[SourceTitle "EXT 2004"]
[Source "ChessBase"]
[SourceDate "2003.11.25"]
[SourceVersion "1"]
[SourceVersionDate "2003.11.25"]
[SourceQuality "1"]

1. d4 Nf6 2. Nf3 e6 3. Bg5 c5 4. e3 Be7 5. Nbd2 b6 6. Bd3 Bb7 7. 0-0 Nc6 8. c3 0-0 9. a3 Nd5 10. Bxe7 Qxe7 11. Re1 d6 12. Qb1 g6 13. e4 Nf4 14. Bf1 e5 15. d5 Nb8 16. Nc4 Bc8 17. Ne3 f5 18. exf5 Bxf5 19. Nxf5 gxf5 20. Qc1 Qg7 21. Kh1 h6 22. g3 Ng6 23. Bh3 Kh7 24. Qc2 Qf7 25. Nd2 Nd7 26. Bg2 a6 27. b4 Qf6 28. Rab1 Rfc8 29. Qb3 e4 30. Bh3 cxb4 31. Qxb4 Nge5 32. Nxe4 fxe4 33. Qxe4+ Kh8 34. f4 Rxc3 35. fxe5 Nxe5 36. Rf1 Qe7 37. Qf4 Kg7 38. Rxb6 Rc4 39. Qe3 Rf8 40. Rf4 Rcxf4 41. gxf4 Ng6 42. Qxe7+ Nxe7 43. Be6 Rxf4 44. Rxa6 Rd4 45. Kg1 Nxd5 46. Rxd6 Nf4 47. Rxd4 Ne2+ 48. Kf2 Nxd4 49. Bc4 Kf6 50. a4 Nc6 51. Bd5 Na5 52. Ke3 Ke5 53. Bf7 Nc6 54. Kd3 Nd8 55. Bg8 Nb7 56. Kc4 Kd6 57. Bd5 Nc5 58. a5 Na6 59. Bb7 Nc7 60. Bf3 Na6 61. h4 Nc5 62. Bg2 Na6 63. Kd4 Nc5 64. Bd5 Na6 65. Bg2 Nc5 66. Kc4 Na6 67. Kb5 Nc5 68. Bh3 Kd5 69. Bg2+ Kd6 70. Bb7 Nxb7 71. a6 Nc5 72. a7 Ne6 73. Kb6 Nc7 74. Kb7 Kd7 75. h5 Kd6 76. Kb6 Na8+ 77. Kb7 Kd7 1/2-1/2

[Event "Gausdal Classics IM 2nd"]
[Site "Gausdal"]
[Date "2003.10.25"]
[Round "6.5"]
[White "Valaker, Ole Johan"]
[Black "Meyer, Falko"]
[Result "1/2-1/2"]
[WhiteElo "2208"]
[BlackElo "2348"]
[PlyCount "119"]
[EventDate "2003.10.21"]
[EventType "tourn"]
[EventRounds "11"]
[EventCountry "NOR"]
[EventCategory "4"]
[SourceTitle "EXT 2004"]
[Source "ChessBase"]
[SourceDate "2003.11.25"]
[SourceVersion "1"]
[SourceVersionDate "2003.11.25"]
[SourceQuality "1"]

1. d4 d5 2. Nf3 Nf6 3. c4 e6 4. g3 Be7 5. Bg2 0-0 6. 0-0 Ne4 7. Qc2 c6 8. b3 Nd7 9. Bb2 f5 10. Nbd2 Qe8 11. Ne5 Qh5 12. f3 Nxe5 13. Nxe4 Ng6 14. Nf2 f4 15. e4 fxg3 16. hxg3 Qg5 17. Nh1 e5 18. cxd5 cxd5 19. dxe5 dxe4 20. f4 Qg4 21. Qxe4 Bf5 22. Qe3 Rad8 23. Nf2 Qh5 24. Bf3 Qh6 25. Rfd1 b6 26. Bd4 Be6 27. Rac1 Nxf4 28. gxf4 Rxf4 29. Bg2 Rfxd4 30. Qxh6 Rxd1+ 31. Rxd1 Rxd1+ 32. Nxd1 gxh6 33. Nc3 Bc5+ 34. Kf1 Kg7 35. Nb5 a5 36. Be4 h5 37. Kg2 Bg4 38. Kg3 h6 39. Nc7 Kf7 40. Bd5+ Kg6 41. Kf4 Be7 42. Be4+ Kg7 43. Nd5 Bg5+ 44. Kg3 b5 45. Nc7 b4 46. Bf3 Bd8 47. Bxg4 Bxc7 48. Bxh5 Bxe5+ 49. Kg2 Kf6 50. Be2 Kg5 51. Kh3 h5 52. Bc4 h4 53. Bg8 Bg3 54. Bf7 Kf4 55. Kg2 Ke3 56. Bg8 Kd2 57. Bf7 Kc2 58. Bg8 Kb2 59. Bf7 Kxa2 60. Bg8 1/2-1/2

[Event "Gausdal Classics IM 2nd"]
[Site "Gausdal"]
[Date "2003.10.23"]
[Round "3.1"]
[White "Valaker, Ole Johan"]
[Black "Olsson, Linus"]
[Result "1/2-1/2"]
[WhiteElo "2208"]
[BlackElo "2269"]
[PlyCount "73"]
[EventDate "2003.10.21"]
[EventType "tourn"]
[EventRounds "11"]
[EventCountry "NOR"]
[EventCategory "4"]
[SourceTitle "EXT 2004"]
[Source "ChessBase"]
[SourceDate "2003.11.25"]
[SourceVersion "1"]
[SourceVersionDate "2003.11.25"]
[SourceQuality "1"]

1. d4 Nf6 2. Nf3 e6 3. c4 c5 4. d5 d6 5. Nc3 exd5 6. cxd5 g6 7. Bf4 Bg7 8. Qa4+ Bd7 9. Qb3 Qc7 10. e4 0-0 11. e5 Nh5 12. exd6 Re8+ 13. Be3 Qxd6 14. Qxb7 Qb6 15. Qxb6 axb6 16. Be2 Na6 17. Bxa6 Rxa6 18. 0-0 Rea8 19. Rfd1 Bxc3 20. bxc3 Rxa2 21. Rxa2 Rxa2 22. Ne5 Ba4 23. Rb1 Nf6 24. c4 Nd7 25. Nxd7 Bxd7 26. h4 Ra6 27. Kh2 f6 28. Bf4 Kf7 29. Bc7 Ra4 30. Rc1 Rb4 31. f3 Ba4 32. Re1 Rxc4 33. d6 Rxh4+ 34. Kg3 Rd4 35. Re7+ Kg8 36. Bxb6 Rxd6 37. Bxc5 1/2-1/2

[Event "Monarch Assurance 12th"]
[Site "Port Erin"]
[Date "2003.09.30"]
[Round "4"]
[White "Valaker, Ole Johan"]
[Black "Van der Weide, Karel"]
[Result "1/2-1/2"]
[WhiteElo "2207"]
[BlackElo "2412"]
[PlyCount "81"]
[EventDate "2003.09.27"]
[EventType "swiss"]
[EventRounds "9"]
[EventCountry "IOM"]
[SourceTitle "CBM 096 Extra"]
[Source "ChessBase"]
[SourceDate "2003.10.22"]
[SourceVersion "2"]
[SourceVersionDate "2003.10.20"]
[SourceQuality "1"]

1. d4 c5 2. d5 Nf6 3. Nf3 g6 4. Nc3 Bg7 5. e4 d6 6. Be2 0-0 7. h3 Na6 8. 0-0 Nc7 9. a4 b6 10. Bf4 Bb7 11. Bh2 a6 12. Re1 Qd7 13. Qd3 b5 14. axb5 axb5 15. Nxb5 Rxa1 16. Rxa1 Nxb5 17. Qxb5 Qxb5 18. Bxb5 Nxe4 19. Bc4 Ra8 20. Re1 f5 21. c3 Ra4 22. Bb3 Ra6 23. Bc4 Rb6 24. Re2 Ba6 25. Bxa6 Rxa6 26. g4 Bf6 27. gxf5 gxf5 28. Bf4 Ra2 29. Kf1 Kf7 30. h4 Kg6 31. Ng5 h6 32. Nxe4 fxe4 33. b4 Ra1+ 34. Kg2 Bxc3 35. bxc5 dxc5 36. h5+ Kxh5 37. Rxe4 Bf6 38. Re6 Bg5 39. Bxg5 hxg5 40. Rxe7 Rd1 41. Re5 1/2-1/2

[Event "Monarch Assurance 12th"]
[Site "Port Erin"]
[Date "2003.09.05"]
[Round "9"]
[White "Maze, Sebastien"]
[Black "Valaker, Ole Johan"]
[Result "1/2-1/2"]
[WhiteElo "2412"]
[BlackElo "2207"]
[PlyCount "76"]
[EventDate "2003.09.27"]
[EventType "swiss"]
[EventRounds "9"]
[EventCountry "IOM"]
[SourceTitle "CBM 096 Extra"]
[Source "ChessBase"]
[SourceDate "2003.10.22"]
[SourceVersion "2"]
[SourceVersionDate "2003.10.20"]
[SourceQuality "1"]

1. e4 c6 2. Nc3 d5 3. Nf3 Bg4 4. h3 Bxf3 5. Qxf3 e6 6. d3 Bb4 7. exd5 exd5 8. d4 Qf6 9. Qg4 Nd7 10. Bg5 Qe6+ 11. Qxe6+ fxe6 12. 0-0-0 Ngf6 13. Bd3 0-0 14. Ne2 e5 15. c3 e4 16. Bc2 Bd6 17. Be3 b5 18. Rdf1 Nh5 19. Bd1 Nb6 20. g4 Nf4 21. Nxf4 Bxf4 22. Be2 Rf7 23. Kd2 Nc4+ 24. Bxc4 bxc4 25. b3 Rb8 26. Kc2 cxb3+ 27. axb3 Rbf8 28. Bxf4 Rxf4 29. f3 exf3 30. Rf2 Re8 31. Kd3 a5 32. Ra1 Rb8 33. Rxa5 Rxb3 34. Rc5 Rb6 35. Ke3 Rf6 36. Rxf3 Rxf3+ 37. Kxf3 Kf7 38. Ke3 Ke6 1/2-1/2

[Event "Monarch Assurance 12th"]
[Site "Port Erin"]
[Date "2003.09.03"]
[Round "7"]
[White "Arkell, Keith C"]
[Black "Valaker, Ole Johan"]
[Result "1-0"]
[WhiteElo "2513"]
[BlackElo "2207"]
[PlyCount "87"]
[EventDate "2003.09.27"]
[EventType "swiss"]
[EventRounds "9"]
[EventCountry "IOM"]
[SourceTitle "CBM 096 Extra"]
[Source "ChessBase"]
[SourceDate "2003.10.22"]
[SourceVersion "2"]
[SourceVersionDate "2003.10.20"]
[SourceQuality "1"]

1. c4 Nc6 2. g3 e5 3. Bg2 f5 4. e3 Nf6 5. Nc3 g6 6. Nge2 Bg7 7. d4 e4 8. Rb1 d5 9. cxd5 Nxd5 10. Nxd5 Qxd5 11. Nc3 Qc4 12. Bf1 Qf7 13. Qa4 Bd7 14. Bc4 Qe7 15. Nd5 Qd6 16. Qa3 Qxa3 17. bxa3 0-0-0 18. Bd2 Be6 19. Ne7+ Kd7 20. Nxc6 bxc6 21. Bxe6+ Kxe6 22. Rc1 Rb8 23. Ke2 Kd7 24. Rc2 Bf8 25. a4 Ba3 26. h3 h5 27. Bc3 Rh7 28. Rg1 Bd6 29. Ba5 Rb7 30. Rgc1 h4 31. gxh4 Rxh4 32. Rg1 Rh6 33. Bc3 Rb8 34. Bd2 a6 35. Ba5 Rh5 36. Rxg6 f4 37. Rg7+ Ke6 38. Bxc7 f3+ 39. Kd2 Bb4+ 40. Kd1 Rb7 41. Rxc6+ Kd5 42. Rxa6 Rxh3 43. Kc2 Bf8 44. Rd7+ 1-0

[Event "NOR-chB op"]
[Site "Asker"]
[Date "2003.05.30"]
[Round "3"]
[White "Valaker, Ole Johan"]
[Black "Harestad, Hans Krogh"]
[Result "1/2-1/2"]
[WhiteElo "2148"]
[BlackElo "2202"]
[PlyCount "78"]
[EventDate "2003.05.??"]
[EventType "swiss"]
[EventRounds "5"]
[EventCountry "NOR"]
[SourceTitle "EXT 2005"]
[Source "ChessBase"]
[SourceDate "2004.11.15"]
[SourceVersion "1"]
[SourceVersionDate "2004.11.15"]
[SourceQuality "1"]

1. d4 Nf6 2. Nf3 e6 3. Bg5 h6 4. Bxf6 Qxf6 5. e4 d6 6. e5 Qe7 7. Nbd2 g6 8. Bd3 Bg7 9. Qe2 Nd7 10. c3 Nb6 11. Qe4 Nd5 12. a3 Nb6 13. Bb5+ c6 14. Bd3 Bd7 15. Qf4 d5 16. Qe3 Na4 17. b4 Nxc3 18. Ba6 Nb5 19. Bxb7 Rb8 20. Ba6 0-0 21. 0-0 Rb6 22. Bxb5 Rxb5 23. Nb3 Rfb8 24. Rac1 Bf8 25. Rc3 Qe8 26. Ne1 Kg7 27. Nd3 Be7 28. f4 h5 29. g3 Bd8 30. a4 R5b6 31. a5 Rb5 32. Nbc5 Bc8 33. h3 Be7 34. g4 Qh8 35. f5 exf5 36. e6 hxg4 37. exf7 Qxh3 38. Qxe7 Qg3+ 39. Kh1 Qh3+ 1/2-1/2